书目信息 |
| 题名: |
微型计算机应用1000例
|
|
| 作者: | 李素梅 , 刘宝泉 编 | |
| 分册: | 1 | |
| 出版信息: | 北京 科学技术文献出版社 1985 |
|
| 页数: | 341页 | |
| 开本: | 26cm | |
| 丛书名: | ||
| 单 册: | ||
| 中图分类: | TP399 | |
| 科图分类: | ||
| 主题词: | 计算机应用 | |
| 电子资源: | ||
| ISBN: | ||
| 000 | 00693nam0 2200241 45 | |
| 001 | 0185019580 | |
| 005 | 20060518094114.39 | |
| 010 | @dCNY4.50 | |
| 091 | @a15176.653 | |
| 100 | @a19900923d1985 em y0chiy0121 ea | |
| 101 | 0 | @achi |
| 102 | @aCN@b110000 | |
| 105 | @ay z 000yy | |
| 200 | 10 | @a微型计算机应用1000例@Awei xing ji suan ji ying yong 1000 li@h1@f刘宝泉,李素梅编@Fliu bao quan,li su mei bian |
| 210 | @a北京@c科学技术文献出版社@d1985 | |
| 215 | @a341页@d26cm | |
| 606 | 0 | @a计算机应用 |
| 690 | @aTP399@v4 | |
| 701 | 0 | @a李素梅@Ali su mei@4编 |
| 701 | 0 | @a刘宝泉@Aliu bao quan@4编 |
| 801 | 2 | @aCN@bNLC@c20060518 |
| 801 | 0 | @aCN@b深圳图书馆@c20040519 |
| 905 | @dTP399@e99:1 | |
| 微型计算机应用1000例.1/刘宝泉,李素梅编.-北京:科学技术文献出版社,1985 |
| 341页;26cm |
| ISBN :CNY4.50 |
| ● |
| 相关链接 |
|
|
|
|
正题名:微型计算机应用1000例
索取号:TP399/99:1
 
预约/预借
| 序号 | 登录号 | 条形码 | 馆藏地/架位号 | 状态 | 备注 |
| 1 | 0150512 | 202355352 | 密集书库/ [索取号:TP399/99:1] | 在馆 | |
| 2 | 0150513 | 001645018 | 第三借阅区/ [索取号:TP399/99:1] | 在馆 | |
| 3 | 0150514 | 001644974 | 第二样本阅览室/ [索取号:TP399/99:1] | 在馆 |